000 00510nam a2200205Ia 4500
005 20240823022830.0
008 240823s9999||||xx |||||||||||||| ||und||
020 _a0-521-67872-2
041 _aENGLISH
082 _A428 P6
100 _aVanessa Jakeman
245 0 _aCambridge Practice Tests foe IELTS 3
250 _a1st
260 _c2003
_b"Cambridge Universities Press,New Delhi"
500 _aYES
650 _aReading
_bEnglish
700 _a" McDowell,Clare"
942 _cBK
999 _c180106
_d180106